000 00328 a2200145 4500
001 165400
020 _a
040 _cMagnum
100 _aKawamoto, Emilia Emi
240 1 0 _aAnatomia e fisiologia humana
_lpor
245 1 0 _aAnatomia e fisiologia humana
362 0 _a1899
697 _aCIENCIAS MEDICAS SAUDE
942 _cBK
999 _c165400
_d165400